Responses for Show #7579 - Thursday, July 20, 2017

Justin Vossler game 1.

Contestants

[<< previous game]

Doug Groshart, a mechanical engineer and musician from San Luis Obispo, California

Justin Vossler, a high school history teacher from Homer, New York

Deborah Elliott, an educator from Cleveland, Ohio (whose 3-day cash winnings total $76,400)

[next game >>]

Jeopardy! Round responses

PARTS OF SPEECH... IN SONG!
AN ECO-CATEGORY
FURNITURE
A PSYCHOTIC EPISODE
GETTING GEOGRAPHICA"L"
HISTORICAL CHESS PIECES
    $200 6
verb

Deborah
    $200 21
endangered

Justin
    $200 11
posts

Deborah
    $200 26
the Joker

Justin
    $200 1
Liverpool

Deborah
    $200 16
a mercenary

Justin
    $400 7
a preposition

Deborah
    $400 22
trees (or forests)

Justin
    $400 12
a sectional

Deborah
    $400 27
American Horror Story

Justin
    $400 2
Lebanon

Justin
    $400 17
Joan of Arc

Deborah
    $600 8
a pronoun

Triple Stumper
    $600 23
pioneers

Doug
    $600 13
Charles Darwin

Triple Stumper
    $600 28
The Walking Dead

Justin
    $1,000 3
Luzon

Justin
    $600 18
a Grand Inquisitor

Justin
    $800 9
(Deborah: What is a salutation?)

an interjection

Deborah
Triple Stumper
    $800 24
ladybugs

Deborah
    $800 14
(Doug: What is cedar?)

pine

JustinDoug
    $800 29
Dexter

Deborah
    $800 4
Lucerne

Deborah
    $800 19
Christina

Deborah
    $1000 10
an adverb

Deborah
    $1000 25
brook trout

Justin
    $1000 15
a divan

Triple Stumper
    $1000 30
J.K. Simmons

Triple Stumper
    $1000 5
Mount Logan

Triple Stumper
    $1000 20
Edward the Confessor

Deborah

Scores at the first commercial break (after clue 15):

Deborah Justin Doug
$2,400 $2,200 -$800

Scores at the end of the Jeopardy! Round:

Deborah Justin Doug
$6,200 $5,800 -$200

Double Jeopardy! Round responses

OUR ANCIENT RELATIVES
THE COMPOSER PORTRAYED
STAMP COLLECTING
"MENT" GARNISH
THE 21st CENTURY
STRAIGHT FROM THE KING JAMES BIBLE
    $400 6
biped

Doug
    $400 21
Gershwin

Doug
    $400 26
commemorative

Deborah
    $400 1
amendment

Justin
    $400 11
Pope John Paul II

Justin
    $400 16
Israel

Doug
    $800 7
(Deborah: What is humanid?)

hominin

DeborahJustin
    $800 22
[ERRATUM: The movie is titled I Dream of Jeanie.]

Stephen Foster

Triple Stumper
    $800 27
the cancellation

Triple Stumper
    $800 2
a sacrament

Deborah
    $800 12
the human genome

Justin
    $800 17
rose

Justin
    $1200 8
(Alex: Yes, cooking with [*].)

fire

Deborah
    $1200 23
Frederic Chopin

Triple Stumper
    $1200 28
lighthouses

Justin
    $1200 3
sediment

Doug
    $1200 13
(Julian) Assange

Doug
    $1200 18
(Deborah: What is wings?)
(Justin: What are crowns?)

horns

DeborahJustin
Triple Stumper
    $1600 9
Ethiopia

Justin
    $1600 24
Strauss

Deborah
    $1,000 29
(Justin: What is...)
(Alex: It's not going to come, is it?)
(Justin: Avion mail.)

par avion

Justin
    $1600 4
impairment (or impediment)

Deborah
    $1600 14
Romneycare

Deborah
    $2,000 19
sword

Justin
    $2000 10
Homo erectus

Deborah
    $2000 25
Cole Porter

Triple Stumper
    $2000 30
first day of issue

Triple Stumper
    $2000 5
(Alex: That is the famous London [*].)

embankment

Triple Stumper
    $2000 15
Fukushima

Justin
    $2000 20
fiery furnace

Triple Stumper

Scores at the end of the Double Jeopardy! Round:

Deborah Justin Doug
$13,400 $13,600 $3,400

[wagering suggestions for these scores]

Final Jeopardy! Round responses

STATE CAPITALS
(Alex: [To Doug] That rock used to be near the railroad tracks, so they wanted to move it so the tourists would not be endangered by the trains.)
DougWhat is Little Rock Arkansas
$0
DeborahWhat is Little Rock?
$12,000
JustinWhat is Little Rock
$13,500
Little Rock

Final scores:

Deborah Justin Doug
$25,400 $27,100 $3,400
2nd place: $2,000 New champion: $27,100 3rd place: $1,000

Game dynamics:

Coryat scores:

Deborah Justin Doug
$13,400 $13,800 $3,400
19 R,
3 W
20 R
(including 2 DDs),
2 W
(including 1 DD)
6 R,
1 W

Combined Coryat: $30,600

[game clues] [game scores] [suggest correction]

Game tape date: Unknown
The J! Archive is created by fans, for fans. Scraping, republication, monetization, and malicious use prohibited; this site may use cookies and collect identifying information. See terms. The Jeopardy! game show and all elements thereof, including but not limited to copyright and trademark thereto, are the property of Jeopardy Productions, Inc. and are protected under law. This website is not affiliated with, sponsored by, or operated by Jeopardy Productions, Inc. Join the discussion at JBoard.tv.